00878nam a2200229Ia 450000500170000000800410001702000150005804100080007308200230008124501030010425000220020730000400022965000470026965000620031665000380037870000270041626400820044333600270052533700330055233800280058504000350061320220316235741.0121119s1990 ck a gr 000 0 spa  a95895271780 aspa04a793.3198615 bZ16M10aManual de danzas de la Costa Pacífica de Colombia cDelia Zapata Olivella, Edelmira Massa Zapata aPrimera edición a440 páginasbilustracionesc24 cm14aDanzas populares chocoanasvManuales2LEMB14aDanzas populares y nacionales colombianasvManuales2LEMB14aFolclorzChocó (Colombia)2LEMB1 aMassa Zapata, Edelmira aSantafé de BogotábColegio Máximo de las Academias Colombianasc[1990?] atextobtxt2rdacontent asin mediaciónbn2rdamedia avolumenbnc2rdacarrier aCO-BoRNBPbspaerdacCO-BoRNBP